000 00597nam a22001817a 4500
999 _c14279
_d14279
003 AR-CdUCM
008 190422b ||||| |||| 00| 0 spa d
020 _a978-84-683-1057-2
040 _aMUNICIPALIDAD PROVINCIAL DEL CUSCO
_cBIBLIOTECA MUNICIPAL DEL CUSCO
082 _aPI / 803.08 /
_bK11
110 _aKids edebé
_932998
245 _aLas aventuras de cabra y mariposa :
_bla flor celeste /
260 _aBarcelona :
_bEdebé,
_c2013.
300 _a8 páginas ;
_bIlustraciones,
_c21 cm.
_e1 peluche,
650 _aCuentos infantiles
_93927
942 _2ddc
_cLIBROS
945 _aacv
_d2019-04-22